[Event "Stuttgart-chA int"]
[Site "Ditzingen"]
[Date "2014.05.31"]
[Round "7"]
[White "Pfeifer, Wilfried"]
[Black "Streicher, Traugott"]
[Result "1-0"]
[WhiteElo "2053"]
[BlackElo "1920"]
[PlyCount "55"]
[EventDate "2014.05.29"]
[EventType "swiss"]
[EventRounds "7"]
[EventCountry "GER"]
[SourceTitle "EXT 2015"]
[Source "ChessBase"]
[SourceDate "2014.11.20"]
[SourceVersion "1"]
[SourceVersionDate "2014.11.20"]
[SourceQuality "1"]

1. f4 c5 2. Nf3 d5 3. e3 Nf6 4. b3 Bf5 5. Bb2 Nc6 6. Be2 e6 7. 0-0 Be7 8. Ne5 h6 9. Bb5 Qc7 10. d3 0-0 11. Bxc6 bxc6 12. Nd2 Nd7 13. Qf3 Bd6 14. Nxd7 Qxd7 15. e4 Bh7 16. g4 f5 17. gxf5 dxe4 18. dxe4 exf5 19. Rad1 fxe4 20. Nxe4 Bxe4 21. Qxe4 Qg4+ 22. Kh1 Rxf4 23. Qxc6 Raf8 24. Rg1 Rf1 25. Rdxf1 Rxf1 26. Rxf1 Bxh2 27. Qd5+ Kh7 28. Qf5+ 1-0

[Event "Stuttgart-chA int"]
[Site "Ditzingen"]
[Date "2014.05.29"]
[Round "1"]
[White "Streicher, Traugott"]
[Black "Braeunlin, Klaus"]
[Result "0-1"]
[WhiteElo "1920"]
[BlackElo "2145"]
[PlyCount "140"]
[EventDate "2014.05.29"]
[EventType "swiss"]
[EventRounds "7"]
[EventCountry "GER"]
[SourceTitle "EXT 2015"]
[Source "ChessBase"]
[SourceDate "2014.11.20"]
[SourceVersion "1"]
[SourceVersionDate "2014.11.20"]
[SourceQuality "1"]

1. e4 c6 2. Nf3 d5 3. Nc3 dxe4 4. Nxe4 Nf6 5. Nxf6+ exf6 6. d4 Na6 7. Bf4 Be7 8. Be2 Nc7 9. c3 0-0 10. 0-0 Nd5 11. Bd2 Bd6 12. Re1 Bc7 13. c4 Nf4 14. Bb4 Re8 15. Bf1 Bg4 16. Re3 Qd7 17. Rc1 Rad8 18. Qe1 Ne6 19. Rd1 Bf4 20. Re4 Bf5 21. Re2 Bg4 22. d5 Bxf3 23. gxf3 cxd5 24. cxd5 Ng5 25. Bg2 Rxe2 26. Qxe2 Re8 27. Qc4 Be5 28. d6 Ne6 29. b3 g6 30. a4 f5 31. Qd5 Nf4 32. Qc5 b6 33. Qb5 Qxb5 34. axb5 Rd8 35. Bf1 Rd7 36. Bc4 Kg7 37. Kf1 Kf6 38. Ke1 g5 39. Kf1 h5 40. Kg1 h4 41. Rd2 Ne6 42. Bd5 Nc5 43. Bxc5 bxc5 44. Bc6 Rxd6 45. Ra2 h3 46. Kf1 Bxh2 47. Rxa7 Bf4 48. Rd7 Rxd7 49. Bxd7 Bc7 50. Be8 Ke6 51. Kg1 f6 52. Bc6 Ke7 53. Bb7 Ke6 54. Bc8+ Ke5 55. Bd7 Kf4 56. Bc6 g4 57. Bd5 Kg5 58. Be6 Ba5 59. Bd7 Bb6 60. fxg4 fxg4 61. Kf1 f5 62. Bc8 Kf4 63. Bd7 Kg5 64. Bc8 f4 65. f3 h2 66. Kg2 g3 67. Bb7 Kf6 68. Bc6 Ke5 69. Bb7 Kd4 70. Bc6 Ke3 0-1

[Event "Stuttgart-chB int"]
[Site "Ditzingen"]
[Date "2013.05.11"]
[Round "6"]
[White "Paschmann, Stefan"]
[Black "Streicher, Traugott"]
[Result "1-0"]
[WhiteElo "1886"]
[BlackElo "1865"]
[PlyCount "55"]
[EventDate "2013.05.09"]
[EventType "swiss"]
[EventRounds "7"]
[EventCountry "GER"]
[SourceTitle "EXT 2014"]
[Source "ChessBase"]
[SourceDate "2013.11.20"]
[SourceVersion "1"]
[SourceVersionDate "2013.11.20"]
[SourceQuality "1"]

1. e4 d6 2. d4 Nf6 3. Nc3 g6 4. Be3 Bg7 5. Qd2 0-0 6. Nf3 c6 7. Bd3 d5 8. e5 Nfd7 9. h4 c5 10. h5 cxd4 11. Nxd4 Nxe5 12. hxg6 Nxd3+ 13. cxd3 e5 14. Bh6 exd4 15. gxh7+ Kh8 16. Bxg7+ Kxg7 17. Qh6+ Kh8 18. Nxd5 Re8+ 19. Kf1 Nc6 20. Nc7 Re6 21. Nxe6 Bxe6 22. Re1 a5 23. Rh5 Qf8 24. Qf4 Qe7 25. Rg5 Rd8 26. Qg3 Qf6 27. Qh4 Qe7 28. Qh6 1-0

[Event "Stuttgart-chB int"]
[Site "Ditzingen"]
[Date "2013.05.09"]
[Round "2"]
[White "Streicher, Traugott"]
[Black "Bausch, Raimund"]
[Result "1-0"]
[WhiteElo "1865"]
[BlackElo "1630"]
[PlyCount "21"]
[EventDate "2013.05.09"]
[EventType "swiss"]
[EventRounds "7"]
[EventCountry "GER"]
[SourceTitle "EXT 2014"]
[Source "ChessBase"]
[SourceDate "2013.11.20"]
[SourceVersion "1"]
[SourceVersionDate "2013.11.20"]
[SourceQuality "1"]

1. e4 c6 2. Nf3 d5 3. Nc3 dxe4 4. Nxe4 Bf5 5. Ng3 Bg6 6. h4 h6 7. Ne5 Bh7 8. Qh5 g6 9. Bc4 e6 10. Qe2 Nd7 11. Nxf7 1-0

[Event "Stuttgart-chB int"]
[Site "Ditzingen"]
[Date "2013.05.09"]
[Round "1"]
[White "Toenjes, Juergen"]
[Black "Streicher, Traugott"]
[Result "1/2-1/2"]
[WhiteElo "1689"]
[BlackElo "1865"]
[PlyCount "167"]
[EventDate "2013.05.09"]
[EventType "swiss"]
[EventRounds "7"]
[EventCountry "GER"]
[SourceTitle "EXT 2014"]
[Source "ChessBase"]
[SourceDate "2013.11.20"]
[SourceVersion "1"]
[SourceVersionDate "2013.11.20"]
[SourceQuality "1"]

1. d4 Nf6 2. c4 g6 3. Nc3 d5 4. e3 Bg7 5. Nf3 0-0 6. Bd2 c6 7. cxd5 cxd5 8. Bd3 Nc6 9. a3 Bf5 10. Bxf5 gxf5 11. 0-0 Rc8 12. Rb1 e6 13. Qe2 Ne4 14. Rfc1 Qd7 15. Be1 Ne7 16. g3 Rc6 17. Na2 Rfc8 18. Rxc6 bxc6 19. Nd2 c5 20. Nxe4 fxe4 21. dxc5 Rxc5 22. Bc3 Ng6 23. Rc1 Qa4 24. Bxg7 Rxc1+ 25. Nxc1 Kxg7 26. h4 Ne5 27. Kg2 Nf3 28. Na2 Kf6 29. Nc3 Qb3 30. Nb5 Qa4 31. Nc3 Qc6 32. Qb5 Qxb5 33. Nxb5 a6 34. Nc7 a5 35. b4 axb4 36. axb4 Ke7 37. Nb5 Ne1+ 38. Kf1 Nd3 39. Nd4 Nxb4 40. Ne2 e5 41. g4 Nc6 42. Nc3 Ke6 43. Kg2 Nb4 44. Kg3 Nc2 45. Kg2 Ne1+ 46. Kg3 Nf3 47. Kh3 Nd2 48. Nb5 Kd7 49. Kg3 Kc6 50. Nc3 d4 51. exd4 exd4 52. Nd1 Kd5 53. Nb2 Nc4 54. Nd1 Ke5 55. h5 f6 56. f4+ Ke6 57. Nf2 f5 58. g5 d3 59. h6 d2 60. g6 Nd6 61. gxh7 Nf7 62. Nd1 Kf6 63. Ne3 Kg6 64. Kf2 d1Q 65. Nxd1 Kxh7 66. Ke3 Kxh6 67. Kd4 Kg6 68. Ne3 Kf6 69. Nd5+ Ke6 70. Nc3 Nd6 71. Ke3 Kd7 72. Ne2 Kc6 73. Ng3 Kd5 74. Ne2 Nc4+ 75. Kf2 Kc5 76. Ng3 Nd6 77. Ke3 Kd5 78. Ne2 Kc4 79. Ng3 Kd5 80. Ne2 Ke6 81. Nd4+ Kf6 82. Ne2 Nc8 83. Kd4 Ne7 84. Nc3 1/2-1/2

[Event "Stuttgart-chA"]
[Site "Stuttgart"]
[Date "2004.??.??"]
[Round "?"]
[White "Sax, Hans"]
[Black "Streicher, Traugott"]
[Result "1-0"]
[WhiteElo "1990"]
[BlackElo "1775"]
[PlyCount "76"]
[EventDate "2004.05.20"]
[EventType "swiss"]
[EventRounds "7"]
[EventCountry "GER"]
[SourceTitle "EXT 2007"]
[Source "ChessBase"]
[SourceDate "2006.11.23"]
[SourceVersion "1"]
[SourceVersionDate "2006.11.23"]
[SourceQuality "1"]

1. e4 d6 2. d4 Nf6 3. Nc3 g6 4. Nf3 Bg7 5. Be2 0-0 6. 0-0 c6 7. h3 Qc7 8. Be3 Rd8 9. Qd2 Nbd7 10. Rad1 b5 11. a3 a5 12. Ra1 Nb6 13. b4 Nc4 14. Bxc4 bxc4 15. Rab1 axb4 16. axb4 e5 17. Bg5 Bb7 18. Qe3 Ra3 19. Qe1 h6 20. Bc1 Raa8 21. Be3 Ba6 22. Qc1 Kh7 23. Re1 Bb5 24. Nd2 Nh5 25. Ne2 c3 26. Nf3 Bxe2 27. Rxe2 Nf6 28. Qe1 Nxe4 29. Bxh6 d5 30. Bxg7 Kxg7 31. Nxe5 Nd2 32. Ra1 Rab8 33. Nd3 Rb7 34. Nc5 Ra7 35. Rxa7 Qxa7 36. Re7 Qb8 37. Ne6+ Kf6 38. Nxd8 Qxd8 1-0

[Event "Stuttgart-chA"]
[Site "Stuttgart"]
[Date "2004.??.??"]
[Round "?"]
[White "Streicher, Traugott"]
[Black "Pukropski, Walter"]
[Result "1/2-1/2"]
[WhiteElo "1775"]
[BlackElo "2010"]
[PlyCount "189"]
[EventDate "2004.05.20"]
[EventType "swiss"]
[EventRounds "7"]
[EventCountry "GER"]
[SourceTitle "EXT 2007"]
[Source "ChessBase"]
[SourceDate "2006.11.23"]
[SourceVersion "1"]
[SourceVersionDate "2006.11.23"]
[SourceQuality "1"]

1. Nf3 Nf6 2. g3 g6 3. c4 d6 4. d4 Bg7 5. Bg2 0-0 6. 0-0 Nbd7 7. Nc3 e5 8. b3 c6 9. Bb2 Nh5 10. dxe5 Nxe5 11. Rc1 Be6 12. Ba1 f5 13. e3 Qe7 14. Qe2 Rad8 15. Rcd1 Nxf3+ 16. Bxf3 Nf6 17. Rd2 Bc8 18. Bg2 Ne4 19. Nxe4 fxe4 20. Bxg7 Kxg7 21. Rfd1 h5 22. h3 Be6 23. Rd4 d5 24. cxd5 Bxd5 25. Qb2 Kh7 26. Qd2 Qf6 27. Qe2 Rde8 28. R1d2 Rf7 29. Qd1 Qe5 30. Bf1 Ref8 31. Qe1 Rf6 32. Bg2 R6f7 33. Re2 Kh6 34. Rd1 g5 35. Qd2 g4 36. h4 Rf6 37. Qd4 Qxd4 38. Rxd4 Re6 39. Red2 Kg6 40. Bf1 Re5 41. Bc4 Rff5 42. Kf1 Kf6 43. Ke2 Ke6 44. Bxd5+ cxd5 45. Rc2 Rf7 46. Rdd2 Ref5 47. Ke1 Kd6 48. Rc1 Rc7 49. Rxc7 Kxc7 50. Rc2+ Kd7 51. Ke2 Rf6 52. Rd2 Rd6 53. Kd1 Ke6 54. Rd4 Rc6 55. Ra4 a6 56. Rd4 Ke5 57. Kd2 a5 58. Ra4 b6 59. Rd4 b5 60. Kd1 Rf6 61. Rd2 Rc6 62. Ke2 Rc1 63. Rb2 d4 64. exd4+ Kxd4 65. Rd2+ Ke5 66. Rd8 Rc2+ 67. Ke3 Rc3+ 68. Ke2 a4 69. Rb8 axb3 70. Rxb5+ Kd4 71. axb3 Rc2+ 72. Ke1 e3 73. fxe3+ Kxe3 74. Re5+ Kf3 75. Rxh5 Kxg3 76. Rg5 Kxh4 77. Rd5 g3 78. Kf1 Kh3 79. Ke1 Kh2 80. Rd8 g2 81. Rh8+ Kg3 82. Rg8+ Kf4 83. b4 Kf3 84. Rf8+ Kg3 85. Rg8+ Kh2 86. Rh8+ Kg1 87. b5 Rb2 88. Rh5 Rb4 89. Ke2 Re4+ 90. Kf3 Rb4 91. Ke2 Rf4 92. b6 Rf7 93. Rb5 Re7+ 94. Kf3 Rf7+ 95. Ke2 1/2-1/2

[Event "Stuttgart-chA"]
[Site "Stuttgart"]
[Date "2004.??.??"]
[Round "?"]
[White "Streicher, Traugott"]
[Black "Steinhart, Matthias"]
[Result "0-1"]
[WhiteElo "1775"]
[BlackElo "1720"]
[PlyCount "52"]
[EventDate "2004.05.20"]
[EventType "swiss"]
[EventRounds "7"]
[EventCountry "GER"]
[SourceTitle "EXT 2007"]
[Source "ChessBase"]
[SourceDate "2006.11.23"]
[SourceVersion "1"]
[SourceVersionDate "2006.11.23"]
[SourceQuality "1"]

1. e4 e5 2. Nc3 Nc6 3. Nf3 Nf6 4. d4 Bb4 5. Bg5 h6 6. Bxf6 Qxf6 7. d5 Ne7 8. a3 Bxc3+ 9. bxc3 0-0 10. Qd3 d6 11. Be2 Ng6 12. g3 Bh3 13. Bf1 Bxf1 14. Kxf1 Qe7 15. h4 Qd7 16. h5 Ne7 17. Kg2 f5 18. Rh4 fxe4 19. Rxe4 Rf6 20. Nd2 Qf5 21. Rf1 Qxh5 22. Qb5 b6 23. Qd7 Rf7 24. Qxc7 Qg6 25. Qb7 Raf8 26. Qxa7 Nxd5 0-1